000 01037cam a2200217 i 4500
005 20251123123347.0
008 250721s2017 jo gr 000 0 ara d
082 1 4 _a211.3
_bن ج ا
100 1 _aابن النجار، شمس الدين محمد بن شهاب الدين
_eمصنف.
245 1 2 _aالإفهام في شرح باب وقف حمزة وهشام /
_cتصنيف الشيخ الإمام شمس الدين محمد بن شهاب الدين الشهير بابن النجار ؛ تحقيق الدكتور محمد بن أحمد بن حسين برهجي.
250 _aالطبعة الاولى.
264 1 _aعمان :
_bدار عمار للنشر والتوزيع،
_c2017.
300 _a204 صفحة.
650 1 7 _aقراءات القرآن السبع.
650 1 7 _aقراءة القرآن.
650 1 7 _aالعلوم القرآنية.
650 1 7 _aالقرآن الكريم.
700 1 _aبرهجي، محمد بن احمد بن حسين
_eمحقق.
942 _2ddc
_cBK
999 _c136130
_d136130